Countries within 500km of San Marino - Statistics

General Stats
  • This quiz has been taken 35 times
  • The average score is 12 of 13
Answers on the Map
Answers color-coded by a green-red scale on the quiz's map according to % correct below.
 
Answer Stats
Answer % Correct
Austria
100%
Germany
100%
Italy
100%
Switzerland
100%
Vatican City
100%
Croatia
97%
France
97%
Bosnia and Herzegovina
94%
Monaco
94%
Slovenia
94%
Hungary
91%
Liechtenstein
91%
Montenegro
81%
No matching quizzes found
Score Distribution
Percent of People with Each Score
Percentile by Number Answered
Your Score History
You have not taken this quiz